Les Palmes d'Or au festival de Cannes - Statistiques

Statistiques générales
  • Ce quiz a été pris 1 236 fois
    249 depuis la dernière actualisation
  • Le résultat moyen est 32 sur 103
Statistiques - réponses
Année Réalisateur Film primé % Correct
2019 Bong Joon-ho Parasite
94%
2023 Justine Triet Anatomie d'une chute
89%
2024 Sean Baker Anora
87%
1994 Quentin Tarantino Pulp Fiction
82%
2021 Julia Ducournau Titane
79%
2002 Roman Polanski Le Pianiste
78%
1979 Francis Ford Coppola Apocalypse Now
76%
2025 Jafar Panahi Un simple accident
76%
2013 Abdellatif Kechiche La Vie d'Adèle
72%
1976 Martin Scorsese Taxi Driver
72%
2003 Gus Van Sant Elephant
68%
2012 Michael Haneke Amour
61%
2011 Terrence Malick The Tree of Life
61%
2022 Ruben Östlund Sans filtre
60%
1964 Jacques Demy Les Parapluies de Cherbourg
59%
1993 Jane Campion La Leçon de piano
58%
1984 Wim Wenders Paris, Texas
57%
2017 Ruben Östlund The Square
53%
2000 Lars von Trier Dancer in the Dark
52%
1990 David Lynch Sailor et Lula
51%
1974 Francis Ford Coppola Conversation secrète
50%
2009 Michael Haneke Le Ruban blanc
48%
2018 Hirokazu Kore-eda Une affaire de famille
48%
2006 Ken Loach Le vent se lève
47%
1999 Luc & Jean-Pierre Dardenne Rosetta
46%
1966 Claude Lelouch Un homme et une femme
46%
2015 Jacques Audiard Dheepan
44%
2016 Ken Loach Moi, Daniel Blake
44%
1960 Federico Fellini La dolce vita
43%
1997 Abbas Kiarostami Le Goût de la cerise
42%
1963 Luchino Visconti Le Guépard
41%
1987 Maurice Pialat Sous le soleil de Satan
41%
2008 Laurent Cantet Entre les murs
40%
2001 Nanni Moretti La Chambre du fils
40%
2018 Jean-Luc Godard Le Livre d'image
39%
1967 Michelangelo Antonioni Blow-Up
38%
2004 Michael Moore Fahrenheit 9/11
38%
1989 Steven Soderbergh Sexe, Mensonges et Vidéo
38%
1995 Emir Kusturica Underground
38%
2010 Apichatpong Weerasethakul Oncle Boonmee, celui qui se souvient de ses vies antérieures
37%
1991 Joel Coen Barton Fink
34%
1979 Volker Schlöndorff Le Tambour
33%
1958 Mikhaïl Kalatozov Quand passent les cigognes
32%
2014 Nuri Bilge Ceylan Winter Sleep
32%
1953 Henri-Georges Clouzot Le Salaire de la peur
31%
1970 Robert Altman MASH
31%
2005 Luc & Jean-Pierre Dardenne L'Enfant
30%
1986 Roland Joffé Mission
28%
1956 Jacques-Yves Cousteau & Louis Malle Le Monde du silence
27%
1985 Emir Kusturica Papa est en voyage d'affaires
27%
1993 Chen Kaige Adieu ma concubine
26%
1980 Akira Kurosawa Kagemusha, l'Ombre du guerrier
26%
1952 Orson Welles Othello
26%
2007 Cristian Mungiu 4 mois, 3 semaines, 2 jours
25%
1998 Theo Angelopoulos L'Éternité et Un Jour
25%
1997 Shōhei Imamura L'Anguille
24%
1949 Carol Reed Le Troisième Homme
24%
1980 Bob Fosse Que le spectacle commence
24%
1946 Roberto Rossellini Rome, ville ouverte
22%
1988 Bille August Pelle le Conquérant
21%
1996 Mike Leigh Secrets et Mensonges
21%
1983 Shōhei Imamura La Ballade de Narayama
20%
1982 Costa-Gavras Missing
20%
1973 Jerry Schatzberg L'Épouvantail
19%
1981 Andrzej Wajda L'Homme de fer
18%
1961 Luis Buñuel Viridiana
17%
1969 Lindsay Anderson If…
16%
1959 Marcel Camus Orfeu Negro
16%
1947 Ben Sharpsteen Dumbo
15%
1972 Elio Petri La classe ouvrière va au paradis
14%
1946 Billy Wilder Le Poison
14%
1955 Delbert Mann Marty
13%
1975 Mohammed Lakhdar-Hamina Chronique des années de braise
12%
1978 Ermanno Olmi L'Arbre aux sabots
12%
1971 Joseph Losey Le Messager
12%
1977 Paolo & Vittorio Taviani Padre padrone
12%
1992 Bille August Les Meilleures Intentions
11%
1982 Yılmaz Güney & Şerif Gören Yol, la permission
11%
1946 David Lean Brève Rencontre
10%
1965 Richard Lester Le Knack… et comment l'avoir
10%
1972 Francesco Rosi L'Affaire Mattei
9%
1954 Teinosuke Kinugasa La Porte de l'enfer
9%
1951 Vittorio De Sica Miracle à Milan
9%
1947 Jacques Becker Antoine et Antoinette
6%
1966 Pietro Germi Ces messieurs dames
6%
1946 Jean Delannoy La Symphonie pastorale
6%
1961 Henri Colpi Une aussi longue absence
6%
1952 Renato Castellani Deux sous d'espoir
5%
1957 William Wyler La Loi du Seigneur
5%
1973 Alan Bridges La Méprise
5%
1962 Anselmo Duarte La Parole donnée
5%
1939 Cecil B. DeMille Pacific Express
5%
1951 Alf Sjöberg Mademoiselle Julie
4%
1947 René Clément Les Maudits
2%
1946 Alf Sjöberg Tourments
2%
1947 Edward Dmytryk Feux croisés
1%
1946 Leopold Lindtberg La Dernière Chance
1%
1946 Bodil Ipsen & Lau Lauritzen Jr. La terre sera rouge
1%
1946 Chetan Anand La Ville basse
1%
1946 František Čáp Les Hommes sans ailes
1%
1946 Fridrikh Ermler Le Tournant décisif
1%
1946 Emilio Fernández María Candelaria
1%
1947 Vincente Minnelli Ziegfeld Follies
1%
Aucun quiz correspondant
Distribution des résultats
% des personnes avec chaque résultat
Percentile par nombre de réponses
Votre historique - résultats
Vous n’avez pas pris ce quiz depuis la dernière actualisation